| 000 | 00488nam a2200145 a 4500 | ||
|---|---|---|---|
| 008 | 120416s1972 ||||||||||||||||| || u | ||
| 020 | _a0273361538 | ||
| 050 | _aTA 439 Nev | ||
| 100 | _aNeville, Adam M | ||
| 245 | 1 | 0 | _aProperties of concrete |
| 260 |
_aNairobi _bPitman _c1972 |
||
| 300 | _axiii, 686p. : ill | ||
| 350 | _a0.00 | ||
| 995 |
_D0.00 _FCBU-MAIN LIBRARY (Kitwe) _H1 _I12.00 _M1 _UAVAILABLE _ZMain Library Open Access Collection |
||
| 999 |
_c55103 _d55103 |
||